Yalálag : (Record no. 165459)

MARC details
000 -CABECERA
campo de control de longitud fija 00862nam a2200229 a 4500
005 - FECHA Y HORA DE LA ÚLTIMA TRANSACCIÓN
campo de control 20231128063704.0
008 - ELEMENTOS DE LONGITUD FIJA--INFORMACIÓN GENERAL
campo de control de longitud fija 131003s2012 mx r 000 0 spa d
020 ## - NÚMERO INTERNACIONAL NORMALIZADO PARA LIBROS
Número Internacional Estándar del Libro 9786077180166
035 ## - NÚMERO DE CONTROL DEL SISTEMA
Número de control de sistema UPN01000193358
049 ## - COLECCIÓN
Colección CG
050 #4 - SIGNATURA TOPOGRÁFICA DE LA BIBLIOTECA DEL CONGRESO
Número de clasificación F1219.1 Y2
Número de documento/Ítem F8.9a 2012
100 1# - ASIENTO PRINCIPAL--NOMBRE PERSONAL
Nombre de persona Fuente Chicoséin, Julio de la,
Fechas asociadas al nombre 1905-1970
9 (RLIN) 30203
245 10 - MENCIÓN DE TÍTULO
Título Yalálag :
Resto del título una villa zapoteca serrana /
Mención de responsabilidad, etc. Julio de la Fuente Chicoséin.
250 ## - MENCIÓN DE EDICIÓN
Mención de edición 2a ed.
260 ## - PUBLICACIÓN, DISTRIBUCIÓN, ETC.
Lugar de publicación, distribución, etc. México :
Nombre del editor, distribuidor, etc. Comisión Nacional para el Desarrollo de los Pueblos Indígenas,
Fecha de publicación, distribución, etc. 2012.
300 ## - DESCRIPCIÓN FÍSICA
Extensión 432 p.
440 #0 - MENCIÓN DE SERIE/ASIENTO SECUNDARIO--TÍTULO
Título Obras fundamentales de la antropología y el indigenismo en México ;
Designación de volumen o secuencia 2
650 #4 - ASIENTO SECUNDARIO DE MATERIA - TERMINO TEMATICO
Término de materia o nombre geográfico como elemento de entrada Indígenas de México
Subdivisión general Cultura
9 (RLIN) 5206
650 #4 - ASIENTO SECUNDARIO DE MATERIA - TERMINO TEMATICO
Término de materia o nombre geográfico como elemento de entrada Indígenas de México
Subdivisión geográfica Oaxaca
Subdivisión general Vida social y costumbres
9 (RLIN) 8532
650 #7 - ASIENTO SECUNDARIO DE MATERIA - TERMINO TEMATICO
Término de materia o nombre geográfico como elemento de entrada Zapotecas
Subdivisión general Vida social y costumbres
Fuente del encabezamiento o término
9 (RLIN) 8619
905 ## - TIPO DE MATERIAL
Tipo de material Libro
Holdings
Estado de retiro Estado de pérdida Fuente del sistema de clasificación o colocación Estado dañado No para préstamo Código de colección Localización permanente Ubicación/localización actual Ubicación en estantería Total de préstamos Clasificación Código de barras Fecha visto por última vez Número de copia Tipo de ítem Koha
    Library of Congress Classification     Colección General Bib. Gregorio Torres Quintero Bib. Gregorio Torres Quintero Planta baja 1 F1219.1 Y2 F8.9a 2012 291952 31/12/2020 1 Libro
    Library of Congress Classification     Colección General Bib. Gregorio Torres Quintero Bib. Gregorio Torres Quintero Planta baja 2 F1219.1 Y2 F8.9a 2012 291953 31/12/2020 1 Libro